[Event "CCSCSL Nov IM 2014"]
[Site "Saint Louis USA"]
[Date "2014.11.21"]
[Round "1.2"]
[White "Bobula, Mateusz"]
[Black "Kavutskiy, Konstantin"]
[Result "1/2-1/2"]
[WhiteTitle "IM"]
[BlackTitle "FM"]
[WhiteElo "2368"]
[BlackElo "2332"]
[WhiteFideId "1126776"]
[BlackFideId "2026384"]
[EventDate "2014.11.21"]

1. d4 Nf6 2. c4 e6 3. Nf3 Bb4+ 4. Bd2 c5 5. Bxb4 cxb4 6. g3 O-O 7. Bg2 d6 8. O-O
a5 9. a3 Na6 10. axb4 Nxb4 11. Nc3 Qc7 12. b3 Bd7 13. Qd2 Rfe8 14. Rfd1 Rac8 15.
e4 e5 16. dxe5 dxe5 17. Qd6 b6 18. Qxc7 Rxc7 19. Rd6 Bc6 20. Nd5 Bxd5 21. exd5
e4 22. Nd2 Rb8 23. Bh3 Ne8 24. Rd7 Rxd7 25. Bxd7 Nd6 26. c5 bxc5 27. Rxa5 Nxd5
28. Rxc5 Nb4 29. Re5 Kf8 30. Ba4 f5 31. Nc4 Nd3 32. Rd5 Nxc4 33. Rxf5+ Ke7 34.
bxc4 Rb4 35. Bb5 Rb1+ 36. Kg2 Rb2 37. Kg1 Rb1+ 38. Kg2 Rb2 39. Kg1 g6 40. Rd5
Nxf2 41. Rd7+ Kf6 42. Rd8 e3 43. Re8 Ng4 44. Bd7 Rb1+ 45. Kg2 Rb2+ 46. Kg1 Rb1+
47. Kg2 Rb2+ 48. Kg1 1/2-1/2

[Event "CCSCSL Nov IM 2014"]
[Site "Saint Louis USA"]
[Date "2014.11.22"]
[Round "4.1"]
[White "Young, Angelo"]
[Black "De Rosa, Mariagrazia"]
[Result "1-0"]
[WhiteTitle "IM"]
[BlackTitle "WFM"]
[WhiteElo "2300"]
[BlackElo "2126"]
[WhiteFideId "5200490"]
[BlackFideId "815136"]
[EventDate "2014.11.21"]

1. Nf3 Nf6 2. g3 g6 3. Bg2 Bg7 4. O-O O-O 5. d4 d6 6. c4 Nc6 7. b3 a6 8. Bb2 Rb8
9. d5 Na5 10. e4 b5 11. cxb5 axb5 12. Qc2 b4 13. Rc1 Ne8 14. Bxg7 Kxg7 15. a3 e5
16. axb4 Nb7 17. Nc3 Bd7 18. Nd2 f5 19. Ra7 Qf6 20. exf5 gxf5 21. Bf1 Nd8 22. b5
e4 23. Ne2 Bxb5 24. Nf4 Kg8 25. Bxb5 Rxb5 26. Ra8 Qe7 27. Nc4 Rf6 28. Ne3 Qd7
29. Qb2 Rf8 30. b4 Rb7 31. Qd4 Nf7 32. Ne6 Ne5 33. Nxf8 Kxf8 34. Kh1 Qf7 35. Qd1
Nd3 36. Rc2 Rxb4 37. Qa1 Ne5 38. Rb2 Rxb2 39. Qxb2 Qh5 40. Qb8 Nf3 41. h4 f4 42.
Ng2 fxg3 43. fxg3 Ne5 44. Qb1 Qf3 45. Qe1 Nd3 46. Qe3 Qd1+ 47. Kh2 Qg4 48. Qh6+ 1-0

[Event "CCSCSL Nov IM 2014"]
[Site "Saint Louis USA"]
[Date "2014.11.23"]
[Round "6.5"]
[White "Vibbert, Sean"]
[Black "Hua, David A"]
[Result "1-0"]
[WhiteTitle "FM"]
[WhiteElo "2316"]
[BlackElo "2353"]
[WhiteFideId "2030292"]
[BlackFideId "2030047"]
[EventDate "2014.11.21"]

1. e4 e6 2. Nc3 d5 3. d4 Nf6 4. Bg5 dxe4 5. Nxe4 Be7 6. Nxf6+ Bxf6 7. Bxf6 Qxf6
8. Nf3 O-O 9. c3 b6 10. Bd3 Bb7 11. Qc2 Bxf3 12. gxf3 h6 13. Be4 c6 14. Qd2 a5
15. Rg1 a4 16. a3 Ra5 17. O-O-O Rd8 18. Rg3 Kf8 19. Rdg1 g5 20. h4 c5 21. hxg5
hxg5 22. Rxg5 cxd4 23. Rg8+ Ke7 24. Rxd8 Kxd8 25. Rg8+ Kc7 26. cxd4 Nd7 27. Qc3+
Kd6 28. Kb1 e5 29. Re8 1-0

[Event "CCSCSL Nov IM 2014"]
[Site "Saint Louis USA"]
[Date "2014.11.24"]
[Round "8.1"]
[White "Young, Angelo"]
[Black "Kavutskiy, Konstantin"]
[Result "1-0"]
[WhiteTitle "IM"]
[BlackTitle "FM"]
[WhiteElo "2300"]
[BlackElo "2332"]
[WhiteFideId "5200490"]
[BlackFideId "2026384"]
[EventDate "2014.11.21"]

1. d4 Nf6 2. Nf3 e6 3. g3 d5 4. Bg2 b5 5. O-O Bb7 6. c3 Nbd7 7. Bf4 c5 8. a4 b4
9. a5 Rc8 10. dxc5 bxc3 11. b4 Ne4 12. Be5 Nxe5 13. Nxe5 Qc7 14. a6 Ba8 15. Qa4+
Ke7 16. Nf3 e5 17. Qc2 Qb8 18. Bh3 Rd8 19. Nxc3 Qxb4 20. Na4 g6 21. Rfb1 Qa5 22.
c6 Qc7 23. Rc1 f5 24. Rab1 Kf6 25. Nc3 Nc5 26. Qd2 Kg7 27. Nb5 Qxc6 28. Nxe5 Qf6
29. Qd4 Nxa6 30. Qxa7+ Be7 31. Nd7 Qe6 32. Nb6 Rb8 33. Nd4 Qe4 34. e3 Nc5 35.
Bg2 Rb7 36. Qa1 Qe5 37. Nxa8 Rxb1 38. Rxb1 Kh6 39. Nb6 Rd8 40. Nc6 Qxa1 41. Rxa1
Rd6 42. Nxe7 Rxb6 43. Nxd5 1-0

[Event "CCSCSL Nov IM 2014"]
[Site "Saint Louis USA"]
[Date "2014.11.24"]
[Round "8.2"]
[White "Brown, Michael William"]
[Black "Ross, David"]
[Result "1-0"]
[WhiteTitle "FM"]
[BlackTitle "IM"]
[WhiteElo "2319"]
[BlackElo "2303"]
[WhiteFideId "2037602"]
[BlackFideId "2600277"]
[EventDate "2014.11.21"]

1. d4 e6 2. c4 b6 3. Nc3 Bb7 4. a3 f5 5. d5 Nf6 6. g3 Na6 7. Bg2 Be7 8. Nh3 Nc5
9. O-O O-O 10. Qc2 a5 11. Rd1 Qc8 12. Bf4 a4 13. Nb5 Ne8 14. Nd4 Bf6 15. Nb5 Be7
16. Re1 h6 17. Be3 g5 18. Bd4 Nb3 19. Rad1 Nxd4 20. Nxd4 Ng7 21. e4 f4 22. e5
Qe8 23. Qe2 fxg3 24. hxg3 Bc5 25. Nb5 Rc8 26. Nc3 exd5 27. cxd5 d6 28. e6 Nf5
29. Qg4 Ne7 30. Nxa4 Qg6 31. Nxc5 bxc5 32. Be4 Qg7 33. Rd2 c6 34. dxc6 Rxc6 35.
Bxc6 Nxc6 36. e7 Re8 37. Qd7 Rxe7 38. Rxe7 Qxe7 39. Qxe7 Nxe7 40. Rxd6 Nf5 41.
Rd8+ 1-0

[Event "CCSCSL Nov IM 2014"]
[Site "Saint Louis USA"]
[Date "2014.11.24"]
[Round "8.3"]
[White "Bobula, Mateusz"]
[Black "De Rosa, Mariagrazia"]
[Result "1-0"]
[WhiteTitle "IM"]
[BlackTitle "WFM"]
[WhiteElo "2368"]
[BlackElo "2126"]
[WhiteFideId "1126776"]
[BlackFideId "815136"]
[EventDate "2014.11.21"]

1. d4 Nf6 2. c4 g6 3. Nf3 Bg7 4. g3 O-O 5. Bg2 d6 6. O-O Nc6 7. Nc3 Bf5 8. b3
Ne4 9. Bb2 Nxc3 10. Bxc3 Be4 11. e3 d5 12. Nd2 Bxg2 13. Kxg2 e5 14. cxd5 exd4
15. dxc6 dxc3 16. cxb7 Rb8 17. Ne4 c2 18. Qxd8 Rfxd8 19. Rac1 f5 20. Ng5 Rd2 21.
Nf3 Re2 22. Rfe1 Rxe1 23. Nxe1 Rxb7 24. Rxc2 Kf7 25. Nd3 Ke7 26. Kf3 Kd6 27. Nf4
c6 28. Rd2+ Ke7 29. h4 a5 30. Nd3 Rb5 31. Rc2 Kd6 32. Nb2 Bf6 33. Na4 Be5 34. g4
fxg4+ 35. Kxg4 Bf6 36. f4 Rh5 37. Rh2 Kd5 38. Nb6+ Ke4 39. Nc4 a4 40. bxa4 Kd3
41. Nd6 Kxe3 42. f5 Kd4 43. a5 Kd5 44. Rd2+ Ke5 45. Nf7+ Ke4 46. Ng5+ Ke3 47. a6
h6 48. fxg6 hxg5 49. Kxh5 1-0

[Event "CCSCSL Nov IM 2014"]
[Site "Saint Louis USA"]
[Date "2014.11.24"]
[Round "8.4"]
[White "Vibbert, Sean"]
[Black "Burnett, Ronald"]
[Result "1/2-1/2"]
[WhiteTitle "FM"]
[BlackTitle "IM"]
[WhiteElo "2316"]
[BlackElo "2358"]
[WhiteFideId "2030292"]
[BlackFideId "2002159"]
[EventDate "2014.11.21"]

1. e4 Nc6 2. Nf3 d6 3. d4 Nf6 4. Nc3 g6 5. Be2 Bg7 6. O-O O-O 7. h3 e5 8. dxe5
dxe5 9. Be3 Qe7 10. Nd5 Nxd5 11. exd5 Nd4 12. Nxd4 exd4 13. Bf4 Qe4 14. Bxc7
Qxd5 15. c3 Qc6 16. Ba5 dxc3 17. Bxc3 Bxc3 18. Rc1 Qe6 19. bxc3 Qxa2 20. Bf3 Bf5
21. Bxb7 Rad8 22. Qf3 Rd3 23. Qf4 Qb3 24. Qb4 Qxb4 25. cxb4 Rb8 26. Rc7 Rd7 1/2-1/2

[Event "CCSCSL Nov IM 2014"]
[Site "Saint Louis USA"]
[Date "2014.11.24"]
[Round "8.5"]
[White "Hua, David A"]
[Black "Aripov, Iskandar"]
[Result "1/2-1/2"]
[WhiteElo "2353"]
[BlackElo "2225"]
[WhiteFideId "2030047"]
[BlackFideId "14202395"]
[EventDate "2014.11.21"]

1. d4 d5 2. c4 c6 3. Nf3 Nf6 4. Nc3 e6 5. e3 Nbd7 6. Qc2 Bd6 7. b3 O-O 8. Bb2
dxc4 9. Bxc4 Qe7 10. O-O-O Ba3 11. h3 Bxb2+ 12. Kxb2 b5 13. Be2 a5 14. Ne5 Bb7
15. Nxd7 1/2-1/2

[Event "CCSCSL Nov IM 2014"]
[Site "Saint Louis USA"]
[Date "2014.11.25"]
[Round "9.1"]
[White "Aripov, Iskandar"]
[Black "Young, Angelo"]
[Result "1/2-1/2"]
[BlackTitle "IM"]
[WhiteElo "2225"]
[BlackElo "2300"]
[WhiteFideId "14202395"]
[BlackFideId "5200490"]
[EventDate "2014.11.21"]

1. d4 d5 2. c4 c6 3. Nc3 g6 4. Nf3 Bg7 5. e3 Nf6 6. Be2 O-O 7. O-O a6 8. Ne5 Be6
9. cxd5 Nxd5 10. f4 Nd7 11. Ne4 Nxe5 12. fxe5 1/2-1/2

[Event "CCSCSL Nov IM 2014"]
[Site "Saint Louis USA"]
[Date "2014.11.25"]
[Round "9.2"]
[White "Burnett, Ronald"]
[Black "Hua, David A"]
[Result "1-0"]
[WhiteTitle "IM"]
[WhiteElo "2358"]
[BlackElo "2353"]
[WhiteFideId "2002159"]
[BlackFideId "2030047"]
[EventDate "2014.11.21"]

1. Nf3 Nf6 2. d4 e6 3. g3 b5 4. Qd3 a6 5. Bg5 c5 6. d5 Bb7 7. e4 h6 8. Bxf6 Qxf6
9. Nc3 d6 10. Bg2 Nd7 11. O-O e5 12. Bh3 Qd8 13. Nd2 Be7 14. a4 b4 15. Nd1 a5
16. Re1 Nb6 17. Qb5+ Kf8 18. Nc4 Nxc4 19. Qxb7 h5 20. Qb5 Nb6 21. c3 h4 22. Kg2
hxg3 23. hxg3 Bg5 24. Re2 Qc7 25. cxb4 cxb4 26. Ne3 Bxe3 27. Rxe3 Ke7 28. Rf3 f6
29. Qe2 Rh6 30. Re3 Rah8 31. Rh1 g5 32. Qg4 Qd7 33. Qxd7+ Nxd7 34. f3 Rc8 35.
Re2 Rc4 36. Bxd7 Rxh1 37. Kxh1 Kxd7 38. Kg2 b3 39. Re3 Rc2+ 40. Kh3 Rxb2 41. Kg4
Rb1 42. Kf5 b2 43. Rb3 Rf1 44. Rb7+ Kc8 45. Rxb2 Rxf3+ 46. Ke6 Rxg3 47. Kxd6 Rc3
48. Ke6 g4 49. d6 Rd3 50. Ke7 g3 51. Rc2+ 1-0

[Event "CCSCSL Nov IM 2014"]
[Site "Saint Louis USA"]
[Date "2014.11.25"]
[Round "9.3"]
[White "De Rosa, Mariagrazia"]
[Black "Vibbert, Sean"]
[Result "1/2-1/2"]
[WhiteTitle "WFM"]
[BlackTitle "FM"]
[WhiteElo "2126"]
[BlackElo "2316"]
[WhiteFideId "815136"]
[BlackFideId "2030292"]
[EventDate "2014.11.21"]

1. d4 d5 2. c4 c6 3. Nf3 Nf6 4. e3 Bf5 5. Nc3 e6 6. Nh4 Bg6 7. Nxg6 hxg6 8. Bd2
Nbd7 9. g3 Bd6 10. Qb3 Rb8 11. Bg2 O-O 12. O-O dxc4 13. Qxc4 e5 14. Rfd1 Nb6 15.
Qd3 exd4 16. Qxd4 Qe7 17. Qd3 Rfd8 18. Qe2 Qe6 19. Bf1 Rd7 20. Be1 Rbd8 21. a4
a5 22. b3 Bb4 23. Qc2 Qe5 24. Rxd7 Rxd7 25. Rc1 Rd6 26. Bg2 Nbd5 27. Nxd5 Nxd5
28. Bxd5 Qxd5 29. Bxb4 axb4 30. Qc4 Qd2 31. Kg2 Rf6 32. Rf1 Re6 33. Kg1 Rd6 34.
a5 Rd3 35. a6 bxa6 36. Qxc6 Rxb3 37. Qc8+ Kh7 38. Qh3+ Kg8 39. Qc8+ Kh7 40. Qh3+ 1/2-1/2

[Event "CCSCSL Nov IM 2014"]
[Site "Saint Louis USA"]
[Date "2014.11.25"]
[Round "9.4"]
[White "Ross, David"]
[Black "Bobula, Mateusz"]
[Result "1-0"]
[WhiteTitle "IM"]
[BlackTitle "IM"]
[WhiteElo "2303"]
[BlackElo "2368"]
[WhiteFideId "2600277"]
[BlackFideId "1126776"]
[EventDate "2014.11.21"]

1. d4 d5 2. Nf3 e6 3. c4 Nf6 4. g3 Be7 5. Bg2 O-O 6. O-O c6 7. Nbd2 Nbd7 8. Qc2
b6 9. e4 Ba6 10. b3 Rc8 11. Rd1 c5 12. e5 Ne8 13. cxd5 exd5 14. dxc5 Nxc5 15.
Qf5 Bd3 16. Qh3 Nc7 17. Nd4 N7e6 18. Bb2 Nxd4 19. Bxd4 Ne6 20. Nf3 Be2 21. Rd2
Bxf3 22. Bxf3 Bb4 23. Rd3 Nxd4 24. Rxd4 Bc3 25. Rxd5 Bxa1 26. Rxd8 Rcxd8 27. Kg2
Bxe5 28. Qf5 Bd4 29. Bd5 Rd6 30. f4 Bf6 31. a4 Re8 32. Bc4 g6 33. Qb5 Re7 34. h4
h5 35. a5 bxa5 36. Qb8+ 1-0

[Event "CCSCSL Nov IM 2014"]
[Site "Saint Louis USA"]
[Date "2014.11.25"]
[Round "9.5"]
[White "Kavutskiy, Konstantin"]
[Black "Brown, Michael William"]
[Result "1/2-1/2"]
[WhiteTitle "FM"]
[BlackTitle "FM"]
[WhiteElo "2332"]
[BlackElo "2319"]
[WhiteFideId "2026384"]
[BlackFideId "2037602"]
[EventDate "2014.11.21"]

1. Nf3 Nf6 2. c4 e6 3. Nc3 d5 4. d4 Bb4 5. Bg5 h6 6. Bxf6 Qxf6 7. Qa4+ Nc6 8. e3
O-O 9. Be2 Bd7 10. Qb3 dxc4 11. Qxc4 a6 12. O-O Bd6 13. Rac1 e5 14. Ne4 Qg6 15.
Nxd6 cxd6 16. d5 Ne7 17. Qb3 b5 18. Rc7 Rfd8 19. Nd2 f5 20. f3 Qg5 21. Qd3 Be8
22. f4 exf4 23. exf4 Qf6 24. Bf3 Rdc8 25. Rc3 Rxc3 26. Qxc3 Qxc3 27. bxc3 Rc8
28. Re1 Kf8 29. Re6 Rd8 30. Re3 Bf7 31. Rd3 g5 32. g3 Rc8 33. Kf2 Ng6 34. Bh5
Nxf4 35. gxf4 Bxh5 36. Rh3 Bf7 37. Rxh6 1/2-1/2